000 00339nam a2200145Ia 4500
003 LK-CoDNM
008 010623t1924 xxu||||| |||| 00| 1 eng d
040 _aLK-CoDNM
_dLK-CoDNM
_eLK-CoDNM
041 _aeng
080 _a50
_bC3
245 _aC.M.S.Ladies College Magazine
260 _b?
_c1924
300 _b24P,1ill., 23 cm
942 _cBK
999 _c92057
_d92057